000 00776pam a2200241 a 4500
001 4752634
005 20180208070554.0
008 850513s1986 njuaf b 101 0 eng
010 _a 85042682
020 _a0691094160 (alk. paper) :
_c$40.00
020 _a0691101760 (pbk.) :
_c$10.00
040 _aDLC
_cDLC
_dDLC
041 _aeng
043 _ae------
080 _a304.632094 coa
082 0 0 _a304.632094 coa
_219
100 _a22
101 _apol
245 1 4 _aThe decline of fertility in Europe :
_cedited by Ansley J. Coale and Susan Cotts Watkins.
504 _aBibliography: p. 451-472.
906 _a7
_bcbc
_corignew
_d1
_eocip
_f19
_gy-gencatlg
942 _2ddc
_cBK
999 _c42137
_d42137